000
00348nam a2200157Ia 4500
003
0STCL
008
150530s9999 xx 000 0 und d
040
_a
STCL
_c
STCL
100
_a
Herbert Paul, W.
245
_a
Matthew Arnold
260
_b
Macmillan
_c
1934
546
_a
English
942
_2
ddc
_c
BK
999
_c
52218
_d
52218
005
20220125170855.0